00796mam a2200193 a 4500020001500000082002800015100002900043245006500072260005000137300008100187500007400268526003700342650004200379650003800421650001500459942001200474999001900486952009700505 a1575040174 a623.893bKENcN-01,P-921 aKennedy, Michael,93808614aThe Global Positioning System and GIS /cby Michael Kennedy. aChelsea, MI :bAnn Arbor Press, Inc.,cc1996. axxiii, 268 p. :bill. ;c24 cm. +e1 computer laser optical disc (4 3/4 in.) aCover title: The Global Positioning System and GIS : an introduction. a0b0c0d623_893000000000000_KEN 0aGeographic information systems.96117 0aGlobal Positioning System.921037 0aNUST96342 2ddccBK c550963d550963 00102ddc4070aMCEbMCEd2014-11-28l0o623.893 KENpMCE-36700r2015-12-01w2021-03-14yBK